000 00516nam a22001697a 4500
005 20251108164855.0
008 250721s1974 xx 000 0 ara d
082 1 4 _a816.9/مصط
100 1 _aالرافعي، مصطفى صادق
245 1 0 _aرسائل الأحزان في فلسفة الجمال و الحب /
264 1 _aبيروت :
_bدار الكتاب العربي،
_c1974.
300 _a143ص
650 1 7 _aالأدب العربي
650 1 7 _aالرسائل
942 _2ddc
_cBK
999 _c16371
_d16371